1820 1615 1110 1084 1443 1961 1847 1471 1444 1103 1021 1200 1069 1717 1447 1189 1527 1383 1137 1660 1205 1257 1230 1797 1415 1586 1903 1130 1862 1959 1651 1576 1954 1816 1427 1672 1096 1684 1656 1001 1380 1507 1374 1254 1485 1544 1362 1313 1078 1406 1604 1137 1006 1026 1301 1734 1615 1964 1879 1224 1432 1500 1888 1108 1942 1472 1592 1245 1431 1261 1300 1413 1235 1904 1596 1478 1896 1821 1791 1749 1444 1277 1831 1635 1795 1995 1891 1009 1785 1241 1041 1408 1698 1720 1158 1220 1690 1639 1021 BCNSPRNW ULIB Ver.6.0+V

เปลี่ยนเป็นภาษาไทย

Change to English
 แสดงรายละเอียดบรรณานุกรม
  กลับหน้าหลัก

Brief Record : Get Marc (ISO 2709) : E-mail record : QR code < ปิดหน้าต่าง
LEADER : 00000nam 2200000uu 4500
001    13399125930
003     ULIB
008    171106s2557||||th 000 0 tha d
020    ^a9786165518239
060  0 ^aWI147^bค152
245 00 ^aครบ ชัด ลึก เรื่องปวดท้อง /^cคณะแพทยศาสตร์ จุฬาลงกรณ์มหาวิทยาลัย
250    ^aพิมพ์ครั้งที่ 2
260    ^aกรุงเทพฯ :^bภาควิชาอายุรศาสตร์ คณะแพทยศาสตร์ จุฬาฯ,^c2557
300    ^a155 หน้า :^bภาพประกอบ ;^c21 ซม
500    ^aการพยาบาลผู้ใหญ่
505 2  ^aการดูแลสุขภาพระบบทางเดินอาหาร -- ตามรอยทาง(เดิน)อาหาร --อาการปวดท้องเฉียบพลัน สิ่งสำคัญที่ต้องรู้ -- อาหารปวดท้องเฉียบพลันกับไส้ติ่งอักเสบ -- กรดไหลย้อน โรคใกล้ตัว ไม่น่ากลับอย่างที่คิด --รู้ลึกเรื่อง ^"โรคกระเพาะอาหาร^" -- การดูแลนิ่วไม่ให้คิ้วขมวด --โรคตับ...ไม่ปวดท้อง -- โรคตับ...แต่ปวดท้อง --สัญญาณเตือนภัยมะเร็งลำไส้ใหญ่ที่มักถูกมองข้าม -- แค่ปลดทุกข์ก็พบสุข --ไส้แปรปรวน ใจไม่รวนเร -- รู้ไว้ก่อนไปส่องกล้อง
650  7 ^aระบบกระเพาะอาหารและลำไส้^xโรค
650  7 ^aกระเพาะอาหาร^xโรค
710 2  ^aจุฬาลงกรณ์มหาวิทยาลัย.^bสาขาวิชาโรคระบบทางเดินอาหาร
710 2  ^aจุฬาลงกรณ์มหาวิทยาลัย.^bภาควิชาอายุรศาสตร์
710 2  ^aจุฬาลงกรณ์มหาวิทยาลัย.^bคณะแพทยศาสตร์
945    ^p350^l0^i25683
999    ^aกัณชพร จุลอักษร
รายการนี้ยังไม่มีแท็ก
คุณยังไม่ได้ล็อกอิน คุณสามารถมีกิจกรรมร่วมกับเว็บไซต์ได้ แต่ต้องล็อกอินก่อน ::
  ล็อกอิน

รายการสื่อสารสนเทศ

ลำดับที่ ประเภท เลขเรียก/บาร์โค้ด สถานที่ สถานะ
1. วิทยาศาสตร์การแพทย์ และสุขภาพ
วิทยาศาสตร์การแพทย์ และสุขภาพ
สถานะ=หนังสือเก่า
WI147 ค152 ฉ.1 
  Barcode: 25683
ห้องสมุดวิทยาเขตนครสวรรค์
►ส่วนจัดเก็บหนังสือเก่า นว.
บนชั้น
  ขอยืม

BibComment


ยังไม่เคยถูกคอมเมนท์

คอมเมนท์ทรัพยากรรายการนี้
  คอมเมนท์: ครบ ชัด ลึก เรื่..


 Copyright 2026. Bcnsprnw @Library